|
|
|
|
| LEADER |
00000cam a2200000 a 4500 |
| 001 |
vtls011728986 |
| 003 |
SK-MaSNL |
| 005 |
20260302021334.0 |
| 008 |
240318s2017 xo a b p 000 0 slo |
| 015 |
|
|
|a SNBA2018/02
|
| 020 |
|
|
|a 9788081800269
|q (brož.)
|
| 035 |
|
|
|a urn:nbn:sk:snk-am00d0uv
|
| 035 |
|
|
|a urn:nbn:sk:snk-am3hhuo
|
| 035 |
|
|
|a B9CF0C57-CF9D-4F76-BB63-676395AAAB52
|
| 040 |
|
|
|a SNK
|b slo
|c SNK
|e AACR2
|
| 041 |
0 |
|
|a slo
|
| 044 |
|
|
|a xo
|c SK
|
| 072 |
|
7 |
|a 373.2/.3
|x Predškolská a primárna výchova a vzdelávanie
|2 konspekt
|
| 080 |
|
|
|a 37.016:028-028.31
|2 2011
|
| 080 |
|
|
|a (075.2)
|2 2011
|
| 100 |
1 |
|
|a Nguyenová Anhová, Ľuba
|4 aut
|9 121871
|
| 245 |
1 |
0 |
|a Šlabikár
|b pre 1. ročník základných škôl : v súlade s inovovaným ŠVP
|n 2. časť
|c [autorka: Ľuba Nguyenová Anhová ; ilustrácie Anna Gajová]
|
| 250 |
|
|
|a 1. vyd.
|
| 260 |
|
|
|a Košice
|b Taktik
|c 2017
|
| 300 |
|
|
|a 83 s.
|b fareb. ilustr.
|c 30 cm
|
| 490 |
1 |
|
|a Nezábudka
|
| 504 |
|
|
|a Použité piktogramy
|
| 650 |
0 |
7 |
|a čítanie
|2 SNKPH
|9 1654
|
| 650 |
0 |
7 |
|a Reading
|2 SNKPHeng
|9 276976
|
| 655 |
|
7 |
|a učebnice základných škôl
|2 SNKPH
|9 70187
|
| 655 |
|
7 |
|a Textbooks (elementary)
|2 SNKPHeng
|9 276977
|
| 655 |
|
7 |
|a šlabikáre
|2 SNKPH
|9 70665
|
| 700 |
1 |
|
|a Gajová, Anna,
|d 1964-
|4 ill
|9 107295
|
| 830 |
|
0 |
|a Nezábudka
|9 365502
|
| 852 |
|
|
|a Štátna vedecká knižnica v Banskej Bystrici
|
| 919 |
|
|
|a 978-80-8180-026-9
|
| 999 |
|
|
|c 1028518
|d 1030448
|
| 952 |
|
|
|a SNK
|b SNK
|y PREZ
|7 0
|p 17A1307227
|o snkSB 92318/2
|i snk2018/1026
|8 0
|0 0
|1 0
|4 0
|d 2018-01-15
|f 1
|l 0
|r 2025-05-14 00:00:00
|w 2026-02-24
|
| 952 |
|
|
|a SNK
|b SNK
|y VYP
|7 0
|p 17A1307228
|o snkSB 92318/2 D1
|i snk2018/1027
|8 0
|0 0
|1 0
|4 0
|d 2018-01-15
|l 0
|r 2026-02-24 13:46:20
|w 2026-02-24
|